| 000 | 00838nam a22002297a 4500 | ||
|---|---|---|---|
| 999 |
_c521 _d521 |
||
| 001 | 001495 | ||
| 003 | CoMeUDC001495 | ||
| 005 | 20181218200640.0 | ||
| 008 | 130821s1974 ck gr spa | ||
| 040 |
_aCo-BoUCM _bspa _cCoMeUDC |
||
| 041 | _aspa | ||
| 082 | 0 | 4 |
_a342.03 _220 _bS192 |
| 100 | _aSamper, José María | ||
| 245 |
_aDerecho público interno de Colombia / _cJosé María Samper. |
||
| 260 |
_aBogotá (Colombia) : _bBanco Popular, _c1974. |
||
| 300 | _a2 tomos | ||
| 490 |
_aBiblioteca del Banco Popular _v58, 59 |
||
| 505 | _aV.1 . Historia crítica del derecho constitucional Colombiano desde 1810 hasta 1886. -- V.2 : Comentario científico de la Constitución de 1886. | ||
| 650 | 0 | 4 |
_aDerecho público _912826 |
| 650 | 0 | 4 |
_aDerecho público _zColombia _912826 |
| 942 |
_cBK _a8 _e1 _mS192 _2ddc _h342.03 |
||